| 000 | 00780nam a2200229Ia 4500 | ||
|---|---|---|---|
| 003 | GCL | ||
| 008 | 140319s9999 xx 000 0 ara d | ||
| 040 |
_aGCL / _cGCL |
||
| 082 | 0 | 4 |
_a001.5 _bف ا |
| 100 | 1 | _aفاروق ابوزيد | |
| 245 | 1 | 0 |
_aانهيار النظام الاعلامى الدولى من السيطرة الثنائية الى هيمنة القطب الواحد / _cفاروق ابوزيد |
| 260 |
_a[S.N] : _bلجنة الاعلام والدراسات المستقبلية ، _c1991 |
||
| 300 | _a223 ص | ||
| 490 | _a | ||
| 650 | 0 | 4 | _aالتليفزيون |
| 650 | 0 | 4 | _aالصحافة |
| 650 | 0 | 4 | _aالاتصال |
| 650 | 0 | 4 | _aالاعلام |
| 650 | 0 | 4 | _aوسائل الاعلام |
| 650 | 0 | 4 | _aوكالات الانباء |
| 942 |
_2ddc _cBK |
||
| 999 |
_c33072 _d33072 |
||